Cultural Diplomacy and the Role of Culture in International Negotiations

Diplomatické nástroje a proces rokovania sú dôležitejšie ako kedykoľvek predtým, najmä v dobe, keď mnohé štáty považujú globálnu vojnu za neprijateľný spôsob riešenia konfliktov. Je zrejmé, že kultúra má často vplyv na rokovania, rovnako ako nespočetné množstvo ďalších premenných. Otázkou potom je,...

Descripción completa

Guardado en:
Detalles Bibliográficos
Autor principal: Strelinger, Ján, 1964-
Formato: Capítulo de libro
Lenguaje:inglés
Materias:
Etiquetas: Agregar Etiqueta
Sin Etiquetas, Sea el primero en etiquetar este registro!

MARC

LEADER 00000naa$a2200000$$$4500
001 0314325
005 20260127110918.2
041 0 |a eng 
044 |a SK 
245 1 0 |a Cultural Diplomacy and the Role of Culture in International Negotiations  |c Ján Strelinger 
520 |a Diplomatické nástroje a proces rokovania sú dôležitejšie ako kedykoľvek predtým, najmä v dobe, keď mnohé štáty považujú globálnu vojnu za neprijateľný spôsob riešenia konfliktov. Je zrejmé, že kultúra má často vplyv na rokovania, rovnako ako nespočetné množstvo ďalších premenných. Otázkou potom je, aký môže byť charakteristický vplyv kultúry na rokovania, a to ako pri vytváraní neočakávaných príležitostí na urovnanie sporov, tak aj pri vytváraní prekážok pre dosiahnutie dohody. 
610 2 0 |a jazykoveda 
610 2 0 |a filológia 
610 2 0 |a jazyk diplomatický 
610 2 0 |a vyjednávanie 
610 2 0 |a dohody medzinárodné 
610 2 0 |a diplomacia 
610 2 0 |a rétorika 
610 2 0 |a komunikácia interkultúrna 
610 2 0 |a rozdiely kultúrne 
100 1 |a Strelinger, Ján, 1964-